[Event "Kimry op 70th"]
[Site "Kimry"]
[Date "2014.08.30"]
[Round "5"]
[White "Makhnev, Yuri"]
[Black "Rumjantsev, Juri"]
[Result "0-1"]
[WhiteElo "1909"]
[BlackElo "2160"]
[PlyCount "78"]
[EventDate "2014.08.28"]
[EventType "swiss"]
[EventRounds "7"]
[EventCountry "RUS"]
[SourceTitle "EXT 2015"]
[Source "ChessBase"]
[SourceDate "2014.11.20"]
[SourceVersion "1"]
[SourceVersionDate "2014.11.20"]
[SourceQuality "1"]

1. d4 Nf6 2. c4 c5 3. Nf3 cxd4 4. Nxd4 b6 5. Nc3 Bb7 6. Qc2 e6 7. e4 Bc5 8. Nb3 Bb4 9. f3 0-0 10. Be3 d5 11. 0-0-0 Bxc3 12. bxc3 Qc7 13. cxd5 exd5 14. Bd3 dxe4 15. fxe4 Nbd7 16. Rhf1 Rac8 17. Kb2 Ne5 18. Bd4 Rfe8 19. Rxf6 gxf6 20. Qf2 Re6 21. Bc2 Qe7 22. Nd2 b5 23. Qg3+ Kh8 24. Bb3 Ra6 25. Rf1 Rg8 26. Qh4 Rxg2 27. Kc2 b4 28. Rf5 Ng4 29. Kd3 bxc3 30. Kxc3 Bxe4 31. Nxe4 Qxe4 32. Rc5 Rc6 33. Rxc6 Qxc6+ 34. Kb4 Qe4 35. Kc5 Qf5+ 36. Kc4 Ne5+ 37. Kb5 Rg4 38. Qh6 Rxd4 39. Kc5 Ng4+ 0-1

[Event "Kimry op 70th"]
[Site "Kimry"]
[Date "2014.08.29"]
[Round "4"]
[White "Rumjantsev, Juri"]
[Black "Kolegov, Vladimir A"]
[Result "0-1"]
[WhiteElo "2160"]
[BlackElo "2221"]
[PlyCount "98"]
[EventDate "2014.08.28"]
[EventType "swiss"]
[EventRounds "7"]
[EventCountry "RUS"]
[SourceTitle "EXT 2015"]
[Source "ChessBase"]
[SourceDate "2014.11.20"]
[SourceVersion "1"]
[SourceVersionDate "2014.11.20"]
[SourceQuality "1"]

1. e4 Nf6 2. e5 Nd5 3. d4 d6 4. Nf3 Bg4 5. Be2 e6 6. 0-0 Be7 7. c4 Nb6 8. Nc3 0-0 9. Be3 Nc6 10. exd6 cxd6 11. d5 Bxf3 12. Bxf3 Ne5 13. b3 Nxf3+ 14. Qxf3 e5 15. Rfd1 f5 16. Qh3 Nd7 17. Rac1 a6 18. Rc2 Rc8 19. Rdc1 Bg5 20. Ne2 Bxe3 21. Qxe3 f4 22. Qf3 Qg5 23. Nc3 Qg6 24. Ne4 Nc5 25. Nxc5 Rxc5 26. b4 Rc7 27. c5 e4 28. Qh3 Re7 29. Rc3 Qf6 30. Qg4 e3 31. Qe2 Qe5 32. Qc4 exf2+ 33. Kxf2 f3 34. gxf3 Qxh2+ 35. Kf1 Qg3 36. Qd3 Ref7 37. c6 bxc6 38. dxc6 Rxf3+ 39. Qxf3 Rxf3+ 40. Rxf3 Qxf3+ 41. Ke1 Qe4+ 42. Kd1 Qg4+ 43. Kc2 Kf7 44. a4 Ke7 45. Kb3 Kd8 46. c7+ Kc8 47. b5 axb5 48. axb5 Qf3+ 49. Rc3 Qxc3+ 0-1

[Event "Kimry op 70th"]
[Site "Kimry"]
[Date "2014.08.28"]
[Round "2"]
[White "Rumjantsev, Juri"]
[Black "Chernyaev, Vladimir"]
[Result "1-0"]
[WhiteElo "2160"]
[BlackElo "1649"]
[PlyCount "53"]
[EventDate "2014.08.28"]
[EventType "swiss"]
[EventRounds "7"]
[EventCountry "RUS"]
[SourceTitle "EXT 2015"]
[Source "ChessBase"]
[SourceDate "2014.11.20"]
[SourceVersion "1"]
[SourceVersionDate "2014.11.20"]
[SourceQuality "1"]

1. e4 d6 2. d4 Nf6 3. Nc3 g6 4. Nf3 Bg7 5. Bc4 0-0 6. Qe2 Nc6 7. e5 dxe5 8. dxe5 Ne8 9. e6 Nd6 10. exf7+ Nxf7 11. Ng5 Nce5 12. Nxf7 Nxf7 13. Bd2 Kh8 14. 0-0-0 Qe8 15. h4 h5 16. Nd5 Qc6 17. Nxe7 Qb6 18. Bc3 Bxc3 19. bxc3 Kg7 20. Bxf7 Rxf7 21. Rd8 Qf6 22. Rg8+ Kh7 23. Nd5 Qxf2 24. Qe8 g5 25. Rh8+ Kg6 26. Qg8+ Rg7 27. Ne7+ 1-0

[Event "Kimry Autumn op"]
[Site "Kimry"]
[Date "2013.08.30"]
[Round "5"]
[White "Rumjantsev, Juri"]
[Black "Popelyshev, Igor Viktorovich"]
[Result "1-0"]
[WhiteElo "2162"]
[BlackElo "2108"]
[PlyCount "70"]
[EventDate "2013.08.28"]
[EventType "swiss"]
[EventRounds "7"]
[EventCountry "RUS"]
[SourceTitle "CBM 156 Extra"]
[Source "ChessBase"]
[SourceDate "2013.10.22"]
[SourceVersion "1"]
[SourceVersionDate "2013.10.22"]
[SourceQuality "1"]

1. e4 c5 2. Nf3 d6 3. d4 cxd4 4. Nxd4 Nf6 5. Nc3 g6 6. h3 Bg7 7. g4 Nc6 8. Be3 0-0 9. Bg2 Ne5 10. b3 Bd7 11. Qd2 Rc8 12. a4 Qa5 13. Nd5 Qxd2+ 14. Kxd2 Nxd5 15. exd5 f5 16. f4 Nf7 17. g5 Nd8 18. a5 e5 19. dxe6 Nxe6 20. Bd5 Rfe8 21. c3 Rc5 22. Bxb7 Bxd4 23. cxd4 Rb5 24. a6 Rxb3 25. Rhb1 Nc5 26. Bd5+ Be6 27. dxc5 Bxd5 28. Rxb3 Bxb3 29. cxd6 Rd8 30. Bc5 Bc4 31. Kc3 Be2 32. Kd4 Rd7 33. Kd5 Bf3+ 34. Ke6 Bc6 35. Re1 Rd8 1-0

[Event "Dmitrov op"]
[Site "Dmitrov"]
[Date "2012.07.27"]
[Round "4"]
[White "Rumjantsev, Juri"]
[Black "Kirillov, Nikolay"]
[Result "1-0"]
[WhiteElo "2133"]
[BlackElo "2061"]
[PlyCount "91"]
[EventDate "2012.07.25"]
[EventType "swiss"]
[EventRounds "9"]
[EventCountry "RUS"]
[SourceTitle "CBM 149 Extra"]
[Source "ChessBase"]
[SourceDate "2012.08.24"]
[SourceVersion "1"]
[SourceVersionDate "2012.08.24"]
[SourceQuality "1"]

1. e4 e6 2. d4 d5 3. Nc3 Nf6 4. e5 Nfd7 5. Qg4 f5 6. Qg3 Kf7 7. Nf3 h6 8. h4 Be7 9. Ne2 g6 10. Nf4 Nf8 11. Be2 c5 12. c4 Nc6 13. cxd5 exd5 14. dxc5 Bxc5 15. 0-0 Be6 16. Rd1 Qd7 17. Bc4 Ne7 18. Bb3 Rd8 19. Be3 Qb5 20. Bxc5 Qxc5 21. Rac1 Qb6 22. Nd4 Rg8 23. Qf3 a6 24. h5 gxh5 25. Ndxe6 Nxe6 26. Nxd5 Nxd5 27. Bxd5 Rg5 28. Bxe6+ Kxe6 29. Rxd8 Qxd8 30. Qxb7 Rg4 31. Qxa6+ Kxe5 32. Qb5+ Kf6 33. Qc6+ Kg5 34. Qf3 h4 35. Rc6 Qd2 36. Qe3+ Qxe3 37. fxe3 h3 38. Rc2 Rg3 39. Re2 Kg4 40. Kh2 h5 41. b4 h4 42. b5 hxg2 43. Rxg2 Kf3 44. Rxg3+ hxg3+ 45. Kg1 Kxe3 46. b6 1-0

[Event "Kimry-ch 60th"]
[Site "Kimry"]
[Date "2012.01.07"]
[Round "9"]
[White "Rumjantsev, Juri"]
[Black "Dobrovolsky, Konstantin"]
[Result "0-1"]
[WhiteElo "2129"]
[BlackElo "2221"]
[PlyCount "76"]
[EventDate "2012.01.02"]
[EventType "swiss"]
[EventRounds "9"]
[EventCountry "RUS"]
[SourceTitle "CBM 146 Extra"]
[Source "ChessBase"]
[SourceDate "2012.02.29"]
[SourceVersion "1"]
[SourceVersionDate "2012.02.29"]
[SourceQuality "1"]

1. e4 e5 2. Nf3 Nc6 3. Bb5 a6 4. Ba4 Nf6 5. 0-0 Be7 6. Re1 b5 7. Bb3 d6 8. Nc3 0-0 9. Nd5 Na5 10. Nxe7+ Qxe7 11. d4 Nxb3 12. axb3 h6 13. d5 Nh7 14. c4 Bd7 15. Bd2 c5 16. dxc6 Bxc6 17. Bb4 Rfd8 18. Qd3 Nf6 19. Nd2 Qb7 20. Ba5 Rd7 21. Ra2 Nh7 22. Nf1 Ng5 23. f3 Ne6 24. Bc3 a5 25. Ne3 Nc5 26. Qc2 b4 27. Bd2 a4 28. Nd5 Bxd5 29. exd5 Nxb3 30. Be3 Rc7 31. f4 Qxd5 32. Rxa4 Rxa4 33. Qxb3 Qa5 34. fxe5 dxe5 35. Bxh6 gxh6 36. Qg3+ Kf8 37. Rxe5 Qb6+ 38. Kf1 Qf6+ 0-1

[Event "Kimry-ch 60th"]
[Site "Kimry"]
[Date "2012.01.04"]
[Round "4"]
[White "Krylov, Vladimir"]
[Black "Rumjantsev, Juri"]
[Result "1-0"]
[WhiteElo "1862"]
[BlackElo "2129"]
[PlyCount "97"]
[EventDate "2012.01.02"]
[EventType "swiss"]
[EventRounds "9"]
[EventCountry "RUS"]
[SourceTitle "CBM 146 Extra"]
[Source "ChessBase"]
[SourceDate "2012.02.29"]
[SourceVersion "1"]
[SourceVersionDate "2012.02.29"]
[SourceQuality "1"]

1. Nf3 c5 2. g3 b6 3. Bg2 Bb7 4. d3 Nf6 5. 0-0 e6 6. c4 Be7 7. Nc3 0-0 8. Bf4 d6 9. e4 a6 10. Qe2 Nbd7 11. Rac1 Qc8 12. h3 Rd8 13. Nh2 Bc6 14. Bd2 b5 15. f4 bxc4 16. dxc4 Bf8 17. b3 Qb7 18. Ng4 Re8 19. Rcd1 Rad8 20. Bc1 g6 21. Qc2 Nh5 22. Kh2 f5 23. Nf2 Ndf6 24. g4 Ng7 25. Bb2 Be7 26. Rg1 fxg4 27. hxg4 Qc7 28. Ne2 Nd7 29. g5 e5 30. Ng4 Ne6 31. Nh6+ Kg7 32. Bh3 Nd4 33. Nxd4 exd4 34. Qf2 Rf8 35. Rxd4 cxd4 36. Bxd4+ Ne5 37. Qh4 Rde8 38. Rf1 Bd8 39. Ng4 Kg8 40. fxe5 dxe5 41. Rxf8+ Kxf8 42. Bc5+ Kg8 43. Nh6+ Kg7 44. Bb4 Qb6 45. Bd6 Qd4 46. Nf5+ gxf5 47. Qh6+ Kf7 48. Qxh7+ Ke6 49. Qg6+ 1-0

[Event "Kimry-ch 60th"]
[Site "Kimry"]
[Date "2012.01.03"]
[Round "3"]
[White "Rumjantsev, Juri"]
[Black "Mishin, Alexei"]
[Result "0-1"]
[WhiteElo "2129"]
[BlackElo "2227"]
[PlyCount "62"]
[EventDate "2012.01.02"]
[EventType "swiss"]
[EventRounds "9"]
[EventCountry "RUS"]
[SourceTitle "CBM 146 Extra"]
[Source "ChessBase"]
[SourceDate "2012.02.29"]
[SourceVersion "1"]
[SourceVersionDate "2012.02.29"]
[SourceQuality "1"]

1. e4 e6 2. d4 d5 3. Nc3 Bb4 4. e5 Qd7 5. Bd2 b6 6. Nb5 Bf8 7. Qg4 Ne7 8. Nf3 Nf5 9. Bd3 Ba6 10. a4 c6 11. Nc3 Bxd3 12. cxd3 h5 13. Qh3 c5 14. 0-0 Nc6 15. Ne2 a5 16. Rfc1 Be7 17. b3 g5 18. g4 Nh4 19. Nxg5 hxg4 20. Qxg4 0-0-0 21. Kh1 Rdg8 22. Rg1 cxd4 23. Nxd4 Nxe5 24. Qe2 Bd6 25. f4 Neg6 26. Rac1+ Kb7 27. Nb5 Bb8 28. Rgf1 Nf5 29. Rg1 Nxf4 30. Qf3 Nxd3 31. Nh3 Rxh3 0-1

[Event "Dmitrov op"]
[Site "Dmitrov"]
[Date "2011.08.01"]
[Round "7"]
[White "Rumjantsev, Juri"]
[Black "Kiseljova, Marya"]
[Result "1-0"]
[WhiteElo "2148"]
[BlackElo "2039"]
[PlyCount "131"]
[EventDate "2011.07.29"]
[EventType "swiss"]
[EventRounds "9"]
[EventCountry "RUS"]
[SourceTitle "CBM 143 Extra"]
[Source "ChessBase"]
[SourceDate "2011.08.29"]
[SourceVersion "1"]
[SourceVersionDate "2011.08.29"]
[SourceQuality "1"]

1. e4 d6 2. d4 Nf6 3. Nc3 e5 4. Nf3 Nbd7 5. g3 c6 6. Bg2 Be7 7. 0-0 0-0 8. Re1 Re8 9. h3 Qc7 10. a4 b6 11. Be3 a6 12. Nh2 Bb7 13. Ng4 b5 14. Qd2 Nxg4 15. hxg4 exd4 16. Bxd4 Bf6 17. Bxf6 Nxf6 18. Rad1 Nxg4 19. Qxd6 Qb6 20. Qd4 c5 21. Qd6 Qxd6 22. Rxd6 b4 23. Nd5 f5 24. f4 fxe4 25. Rxe4 Bxd5 26. Rxe8+ Rxe8 27. Bxd5+ Kf8 28. Be6 Ne3 29. c3 a5 30. f5 Ke7 31. Rd3 Ng4 32. Rd7+ Kf6 33. Rf7+ Ke5 34. Rxg7 h5 35. Rc7 Rd8 36. Rxc5+ Ke4 37. Rc4+ Ke3 38. Rd4 Rxd4 39. cxd4 Kxd4 40. Kg2 Ke5 41. Kh3 Ne3 42. Kh4 Nxf5+ 43. Bxf5 Kxf5 44. Kxh5 b3 45. g4+ Ke4 46. g5 Kd3 47. g6 Kc2 48. g7 Kxb2 49. g8Q Ka3 50. Qg1 Ka2 51. Qg8 Ka1 52. Qf8 Ka2 53. Qf7 Ka3 54. Qe7+ Kxa4 55. Qc5 b2 56. Qc4+ Ka3 57. Qc3+ Ka4 58. Qc2+ Ka3 59. Qc5+ Kb3 60. Qb5+ Kc2 61. Qc4+ Kd2 62. Qb3 Kc1 63. Qc3+ Kb1 64. Qxa5 Kc2 65. Qa2 Kc1 66. Qc4+ 1-0

[Event "Dmitrov op"]
[Site "Dmitrov"]
[Date "2011.08.01"]
[Round "8"]
[White "Rumjantsev, Juri"]
[Black "Klyuev, Alexander S"]
[Result "1/2-1/2"]
[WhiteElo "2148"]
[BlackElo "2178"]
[PlyCount "86"]
[EventDate "2011.07.29"]
[EventType "swiss"]
[EventRounds "9"]
[EventCountry "RUS"]
[SourceTitle "CBM 143 Extra"]
[Source "ChessBase"]
[SourceDate "2011.08.29"]
[SourceVersion "1"]
[SourceVersionDate "2011.08.29"]
[SourceQuality "1"]

1. d4 d5 2. Nf3 Nf6 3. c4 c6 4. e3 e6 5. Nc3 Nbd7 6. Qc2 Bd6 7. Bd2 0-0 8. Rc1 dxc4 9. Bxc4 e5 10. 0-0 exd4 11. Nxd4 Ne5 12. Be2 a6 13. Rcd1 Qc7 14. Nf5 Bxf5 15. Qxf5 Ng6 16. g3 Rfe8 17. Qc2 Qe7 18. Bf3 h5 19. e4 h4 20. Bg2 hxg3 21. hxg3 Qe5 22. Be3 Ng4 23. Rfe1 Qe6 24. Qe2 Nxe3 25. Qxe3 Ne5 26. Qg5 g6 27. Ne2 Be7 28. Qf4 Bc5 29. b3 Rad8 30. Qg5 f6 31. Qc1 Qe7 32. Rf1 b6 33. Qc2 Kg7 34. Nf4 a5 35. Qe2 g5 36. Nd3 Nxd3 37. Rxd3 Rxd3 38. Qxd3 Rd8 39. Qe2 Rd4 40. Rd1 Qd7 41. Rxd4 Qxd4 42. e5 Qxe5 43. Qxe5 fxe5 1/2-1/2

[Event "Moscow Victory Day op"]
[Site "Moscow"]
[Date "2011.05.08"]
[Round "9"]
[White "Litvinov, Viktor"]
[Black "Rumjantsev, Juri"]
[Result "0-1"]
[WhiteElo "2059"]
[BlackElo "2196"]
[PlyCount "116"]
[EventDate "2011.04.30"]
[EventType "swiss"]
[EventRounds "9"]
[EventCountry "RUS"]
[SourceTitle "CBM 142 Extra"]
[Source "ChessBase"]
[SourceDate "2011.06.27"]
[SourceVersion "1"]
[SourceVersionDate "2011.06.27"]
[SourceQuality "1"]

1. c4 Nf6 2. Nc3 g6 3. g3 Bg7 4. Nf3 0-0 5. Bg2 d6 6. 0-0 e5 7. d3 Nbd7 8. Rb1 Re8 9. e4 Nf8 10. h3 c6 11. Re1 Ne6 12. Bd2 Nd7 13. Qc1 Ndc5 14. Qc2 a5 15. b3 Rf8 16. a3 Nd4 17. Nxd4 exd4 18. Ne2 a4 19. b4 Nb3 20. Bf4 g5 21. Bc1 Nxc1 22. Qxc1 f5 23. b5 c5 24. exf5 Bxf5 25. Bxb7 Bxh3 26. f4 Re8 27. Kh2 Bf5 28. Bxa8 Qxa8 29. b6 Qf3 30. Ng1 Qf2+ 31. Kh1 Bd7 32. Re4 Bc6 33. Qe1 Qc2 34. Nf3 Rxe4 35. dxe4 Bxe4 36. Kg1 Bxf3 37. Qe6+ Kf8 38. Qxd6+ Kf7 39. Qd7+ Kg6 40. Qe8+ Kh6 41. Qe6+ Kh5 42. Qh3+ Kg6 43. Re1 g4 44. Qh2 Qxh2+ 45. Kxh2 d3 46. Rd1 Bd4 47. Rxd3 Bc6 48. Rd1 h5 49. Rb1 Bb7 50. Re1 Kf7 51. Re2 Bc6 52. Re1 Bb7 53. f5 Bf3 54. Re6 Bf6 55. Kg1 h4 56. gxh4 g3 57. Rxf6+ Kxf6 58. h5 Kxf5 0-1

[Event "Dmitrov op"]
[Site "Dmitrov"]
[Date "2010.08.18"]
[Round "9"]
[White "Rumjantsev, Juri"]
[Black "Vlassow, Valentin"]
[Result "0-1"]
[WhiteElo "2201"]
[BlackElo "2346"]
[PlyCount "84"]
[EventDate "2010.08.14"]
[EventType "swiss"]
[EventRounds "9"]
[EventCountry "RUS"]
[SourceTitle "CBM 138 Extra"]
[Source "ChessBase"]
[SourceDate "2010.10.29"]
[SourceVersion "1"]
[SourceVersionDate "2010.10.29"]
[SourceQuality "1"]

1. e4 d5 2. exd5 Nf6 3. Nc3 Nxd5 4. Bc4 Nxc3 5. Qf3 e6 6. Qxc3 Qf6 7. Qxf6 gxf6 8. b3 Bd6 9. Bb2 Ke7 10. Nf3 b6 11. 0-0 Bb7 12. Nd4 Rg8 13. g3 Nc6 14. Nxc6+ Bxc6 15. Rfe1 h5 16. Bf1 Rad8 17. Bc3 h4 18. Bg2 Bxg2 19. Kxg2 Rg5 20. Re4 hxg3 21. hxg3 f5 22. Rh4 f4 23. g4 Be5 24. Bxe5 Rxe5 25. d3 Rc5 26. c4 Rxd3 27. Rhh1 Rg5 28. f3 Rd2+ 29. Kg1 Re5 30. Rh2 Rxh2 31. Kxh2 Re2+ 32. Kg1 Kf6 33. c5 bxc5 34. Rc1 Kg5 35. Rxc5+ Kh4 36. Kf1 Rxa2 37. Rxc7 Kg3 38. g5 Kxf3 39. Ke1 e5 40. Rxf7 e4 41. g6 e3 42. Rd7 Rg2 0-1

[Event "Dmitrov op"]
[Site "Dmitrov"]
[Date "2010.08.15"]
[Round "2"]
[White "Rumjantsev, Juri"]
[Black "Minko, Vladimir"]
[Result "1-0"]
[WhiteElo "2201"]
[BlackElo "2034"]
[PlyCount "47"]
[EventDate "2010.08.14"]
[EventType "swiss"]
[EventRounds "9"]
[EventCountry "RUS"]
[SourceTitle "CBM 138 Extra"]
[Source "ChessBase"]
[SourceDate "2010.10.29"]
[SourceVersion "1"]
[SourceVersionDate "2010.10.29"]
[SourceQuality "1"]

1. e4 c5 2. Nf3 Nc6 3. d4 cxd4 4. Nxd4 e5 5. Nb5 d6 6. Be3 Be7 7. N1c3 Nf6 8. Nd5 Nxd5 9. exd5 Nb8 10. c4 a6 11. Nc3 Bg5 12. Qd2 Bxe3 13. fxe3 0-0 14. Bd3 Bg4 15. 0-0 Bh5 16. Rac1 Bg6 17. Bxg6 hxg6 18. b4 Qh4 19. Qd3 b5 20. Ne4 Rd8 21. g3 Qg4 22. Rf6 Nc6 23. dxc6 bxc4 24. Qd5 1-0

[Event "Dmitrov op"]
[Site "Dmitrov"]
[Date "2010.08.14"]
[Round "1"]
[White "Rudenok, Tatiana"]
[Black "Rumjantsev, Juri"]
[Result "0-1"]
[WhiteElo "1944"]
[BlackElo "2201"]
[PlyCount "44"]
[EventDate "2010.08.14"]
[EventType "swiss"]
[EventRounds "9"]
[EventCountry "RUS"]
[SourceTitle "CBM 138 Extra"]
[Source "ChessBase"]
[SourceDate "2010.10.29"]
[SourceVersion "1"]
[SourceVersionDate "2010.10.29"]
[SourceQuality "1"]

1. e4 e5 2. Bc4 Nf6 3. d3 Bc5 4. Nc3 0-0 5. Bg5 c6 6. Bb3 d6 7. f4 exf4 8. Bxf4 Re8 9. Qe2 d5 10. 0-0-0 d4 11. Nb1 a5 12. a3 a4 13. Ba2 Qe7 14. Bg5 Be6 15. Bxe6 Qxe6 16. Nh3 Nbd7 17. Rdf1 Ra5 18. g4 Qa2 19. Bxf6 Nxf6 20. Nf4 Rb5 21. b4 axb3 22. cxb3 Qxb3 0-1

[Event "Dmitrov Summer op"]
[Site "Dmitrov"]
[Date "2008.07.24"]
[Round "4"]
[White "Rumjantsev, Juri"]
[Black "Gulkov, Igor A"]
[Result "0-1"]
[WhiteElo "2256"]
[BlackElo "2342"]
[PlyCount "66"]
[EventDate "2008.07.21"]
[EventType "swiss"]
[EventRounds "9"]
[EventCountry "RUS"]
[SourceTitle "EXT 2022"]
[Source "ChessBase"]
[SourceDate "2021.10.06"]
[SourceVersion "1"]
[SourceVersionDate "2021.10.06"]
[SourceQuality "1"]

1. e4 c5 2. Nf3 d6 3. Bc4 Nf6 4. Qe2 e6 5. Bb3 Be7 6. c3 0-0 7. d4 cxd4 8. cxd4 b6 9. Nc3 Ba6 10. Qe3 Nc6 11. a3 e5 12. d5 Ng4 13. Qd2 Nd4 14. Bd1 f5 15. h3 Nxf3+ 16. Bxf3 Nh6 17. Be2 Bxe2 18. Qxe2 Bg5 19. 0-0 Bxc1 20. Raxc1 fxe4 21. Nb5 Rf7 22. Rc6 Nf5 23. Qxe4 Qf6 24. Rfc1 Raf8 25. f3 Qh6 26. Rc8 a6 27. Na7 Qd2 28. Rxf8+ Rxf8 29. Rc2 Qd1+ 30. Kf2 Nd4 31. Rc8 Qd2+ 32. Kg3 Ne2+ 33. Kg4 h5+ 0-1

[Event "Moscow-ch"]
[Site "Moscow"]
[Date "1999.??.??"]
[Round "4"]
[White "Rumjantsev, Juri"]
[Black "Bujakevich, Aleksandr"]
[Result "0-1"]
[WhiteElo "2164"]
[BlackElo "2280"]
[PlyCount "66"]
[EventDate "1999.??.??"]
[EventType "swiss"]
[EventRounds "9"]
[EventCountry "RUS"]
[SourceTitle "EXT 2001"]
[Source "ChessBase"]
[SourceDate "2000.11.22"]
[SourceVersion "1"]
[SourceVersionDate "2000.11.22"]
[SourceQuality "1"]

1. e4 c5 2. Nf3 Nc6 3. Bb5 e6 4. 0-0 Nge7 5. Re1 a6 6. Bf1 g6 7. c3 Bg7 8. d4 cxd4 9. cxd4 d5 10. e5 0-0 11. Nc3 b5 12. g3 Qa5 13. h4 Bd7 14. h5 b4 15. Ne2 Qb6 16. Bf4 gxh5 17. Qd2 Ng6 18. Bh6 f6 19. Bxg7 Kxg7 20. exf6+ Rxf6 21. Ng5 e5 22. Rad1 Raf8 23. Bh3 Bg4 24. f4 e4 25. Kh1 Nge7 26. Bxg4 hxg4 27. f5 Nxf5 28. Nf4 Rh6+ 29. Kg2 Ncxd4 30. Rh1 Nf3 31. Nxd5 Rxh1 32. Rxh1 Nxd2 33. Nxb6 Ne3+ 0-1